[Event "GER OS-359 email"]
[Site "GER email"]
[Date "2018.11.09"]
[Round "?"]
[White "Gottsmann, Lothar"]
[Black "Guenther, Rainer"]
[Result "0-1"]
[WhiteElo "1418"]
[BlackElo "1364"]
[PlyCount "42"]
[EventDate "2018.11.18"]
[EventType "tourn (corr)"]
[EventRounds "6"]
[EventCountry "GER"]
[SourceTitle "Corr 2022"]
[Source "ChessBase"]
[SourceDate "2021.10.24"]
[SourceVersion "1"]
[SourceVersionDate "2021.10.24"]
[SourceQuality "1"]

1. e4 c5 2. Nf3 Nc6 3. Bb5 a6 4. Ba4 b5 5. c3 bxa4 6. Qxa4 Qa5 7. Qc2 e5 8. 0-0 Be7 9. d3 Nf6 10. h3 0-0 11. Na3 Bb7 12. Nc4 Qc7 13. Bg5 d5 14. exd5 Nxd5 15. Bxe7 Qxe7 16. Rfe1 Qf6 17. Nfd2 Nf4 18. Ne4 Qg6 19. Ng3 Nxd3 20. Re3 Rad8 21. Rb1 Ne7 0-1

[Event "GER OS-348 email"]
[Site "GER email"]
[Date "2018.05.24"]
[Round "?"]
[White "Gottsmann, Lothar"]
[Black "Binder, Andreas"]
[Result "0-1"]
[WhiteElo "1418"]
[BlackElo "1861"]
[PlyCount "52"]
[EventDate "2018.06.12"]
[EventType "tourn (corr)"]
[EventRounds "6"]
[EventCountry "GER"]
[SourceTitle "Corr 2022"]
[Source "ChessBase"]
[SourceDate "2021.10.24"]
[SourceVersion "1"]
[SourceVersionDate "2021.10.24"]
[SourceQuality "1"]

1. e4 Nf6 2. e5 Nd5 3. d4 d6 4. Nf3 Bg4 5. Be2 c6 6. 0-0 Bxf3 7. Bxf3 dxe5 8. dxe5 e6 9. c4 Ne7 10. Qxd8+ Kxd8 11. Rd1+ Nd7 12. Nd2 Kc7 13. Re1 Ng6 14. Nf1 Bc5 15. Be2 Ndxe5 16. h3 Rhd8 17. Be3 Bxe3 18. Nxe3 Rd2 19. b3 Nf4 20. Bf1 Nxh3+ 21. Kh2 Nxf2 22. Kg3 Rad8 23. Be2 Nfd3 24. Bxd3 R8xd3 25. Kf4 f6 26. Red1 g5+ 0-1

[Event "GER OS-326 email"]
[Site "GER email"]
[Date "2017.08.22"]
[Round "?"]
[White "Gottsmann, Lothar"]
[Black "Spandlowski, Detlef"]
[Result "0-1"]
[WhiteElo "1393"]
[BlackElo "2011"]
[PlyCount "34"]
[EventDate "2017.08.25"]
[EventType "tourn (corr)"]
[EventRounds "6"]
[EventCountry "GER"]
[SourceTitle "Corr 2020"]
[Source "ChessBase"]
[SourceDate "2019.09.30"]
[SourceVersion "1"]
[SourceVersionDate "2019.09.30"]
[SourceQuality "1"]

1. c4 Nf6 2. Nc3 g6 3. d4 Bg7 4. Nf3 0-0 5. e4 d6 6. Be2 e5 7. 0-0 Na6 8. dxe5 dxe5 9. Qxd8 Rxd8 10. Nxe5 Nxe4 11. Nxe4 Bxe5 12. a3 Re8 13. Bf3 Be6 14. Rd1 f5 15. Nc3 c6 16. Be2 Bf7 17. Bg5 Bxc3 0-1

[Event "GER OS-326 email"]
[Site "GER email"]
[Date "2017.08.22"]
[Round "?"]
[White "Gottsmann, Lothar"]
[Black "Wernitz, Helmut"]
[Result "0-1"]
[WhiteElo "1393"]
[BlackElo "1789"]
[PlyCount "78"]
[EventDate "2017.08.25"]
[EventType "tourn (corr)"]
[EventRounds "6"]
[EventCountry "GER"]
[SourceTitle "Corr 2020"]
[Source "ChessBase"]
[SourceDate "2019.09.30"]
[SourceVersion "1"]
[SourceVersionDate "2019.09.30"]
[SourceQuality "1"]

1. e4 e5 2. Nf3 f5 3. Nxe5 Qf6 4. d4 d6 5. Nc4 fxe4 6. Nc3 Qg6 7. Ne3 Nf6 8. Be2 c6 9. 0-0 d5 10. f3 exf3 11. Bxf3 Bd6 12. Re1 0-0 13. Kh1 Na6 14. a3 Nc7 15. Qd3 Qh6 16. Nf1 Qh4 17. g3 Qh3 18. Bg2 Qh5 19. Be3 Ng4 20. Bg1 Bf5 21. Qd2 Ne6 22. Re2 Ng5 23. Rae1 Bd7 24. Qd3 Rf6 25. Nb1 Nh3 26. Qb3 Raf8 27. Nbd2 Ngf2+ 28. Bxf2 Nxf2+ 29. Kg1 Bg4 30. Re3 Nh3+ 31. Kh1 Qf7 32. Qc3 h5 33. Nf3 Nf2+ 34. Kg1 Ne4 35. Qb3 Bxf3 36. Bxf3 Rxf3 37. Rxf3 Qxf3 38. Qe3 Qg4 39. Re2 h4 0-1

[Event "GER OS-326 email"]
[Site "GER email"]
[Date "2017.08.22"]
[Round "?"]
[White "Nitschke, Norbert"]
[Black "Gottsmann, Lothar"]
[Result "1-0"]
[WhiteElo "1898"]
[BlackElo "1393"]
[PlyCount "27"]
[EventDate "2017.08.25"]
[EventType "tourn (corr)"]
[EventRounds "6"]
[EventCountry "GER"]
[SourceTitle "Corr 2020"]
[Source "ChessBase"]
[SourceDate "2019.09.30"]
[SourceVersion "1"]
[SourceVersionDate "2019.09.30"]
[SourceQuality "1"]

1. e4 c5 2. Nf3 d6 3. Nc3 Nf6 4. d4 cxd4 5. Nxd4 e5 6. Bb5+ Bd7 7. Bxd7+ Nbxd7 8. Nf5 Nc5 9. Bg5 h6 10. Bxf6 gxf6 11. Nd5 Nxe4 12. Qd3 Qa5+ 13. b4 Nc5 14. Qh3 1-0

[Event "GER OS-326 email"]
[Site "GER email"]
[Date "2017.08.22"]
[Round "?"]
[White "Rausch, Wolfgang"]
[Black "Gottsmann, Lothar"]
[Result "1-0"]
[WhiteElo "1497"]
[BlackElo "1393"]
[PlyCount "63"]
[EventDate "2017.08.25"]
[EventType "tourn (corr)"]
[EventRounds "6"]
[EventCountry "GER"]
[SourceTitle "Corr 2020"]
[Source "ChessBase"]
[SourceDate "2019.09.30"]
[SourceVersion "1"]
[SourceVersionDate "2019.09.30"]
[SourceQuality "1"]

1. Nf3 c5 2. g3 g6 3. Bg2 Bg7 4. 0-0 Nc6 5. c4 Nf6 6. d4 cxd4 7. Nxd4 e5 8. Nb5 0-0 9. N1c3 Ne8 10. Be3 a6 11. Nd6 Nxd6 12. Qxd6 Qf6 13. Bc5 Qxd6 14. Bxd6 Re8 15. Nd5 Rd8 16. Rad1 Kh8 17. Nb6 Ra7 18. Bc5 Bf8 19. Be3 d6 20. Nxc8 Rxc8 21. Bxc6 Rxc6 22. Bxa7 b6 23. b3 Be7 24. Rd5 Kg7 25. Rfd1 Kf6 26. Bb8 Ke6 27. e4 f5 28. f4 exf4 29. exf5+ gxf5 30. gxf4 h5 31. R1d3 h4 32. Kg2 1-0

[Event "GER OS-322 email"]
[Site "GER email"]
[Date "2017.05.31"]
[Round "?"]
[White "Wittlieb, Friedhelm"]
[Black "Gottsmann, Lothar"]
[Result "1-0"]
[WhiteElo "1527"]
[BlackElo "1379"]
[PlyCount "55"]
[EventDate "2017.06.06"]
[EventType "tourn (corr)"]
[EventRounds "6"]
[EventCountry "GER"]
[SourceTitle "Corr 2020"]
[Source "ChessBase"]
[SourceDate "2019.09.30"]
[SourceVersion "1"]
[SourceVersionDate "2019.09.30"]
[SourceQuality "1"]

1. e4 c5 2. Nf3 e6 3. Nc3 Nc6 4. Bb5 Qc7 5. 0-0 Nd4 6. Nxd4 cxd4 7. Ne2 Nf6 8. Bd3 Bc5 9. b4 Bxb4 10. Nxd4 a6 11. c3 Be7 12. f4 d6 13. Qf3 0-0 14. Ba3 Re8 15. Nc2 Rb8 16. Rae1 b5 17. e5 Nd7 18. exd6 Bxd6 19. Bxh7+ Kxh7 20. Qd3+ Kg8 21. Bxd6 Qa7+ 22. Kh1 Rb7 23. f5 Nf6 24. fxe6 Rxe6 25. Rxf6 Rxe1+ 26. Nxe1 Rd7 27. Qg3 Qb7 28. Be5 1-0

[Event "GER OS-311 email"]
[Site "GER email"]
[Date "2017.01.14"]
[Round "?"]
[White "Gottsmann, Lothar"]
[Black "Nitschke, Norbert"]
[Result "0-1"]
[WhiteElo "1405"]
[BlackElo "1717"]
[PlyCount "58"]
[EventDate "2017.01.20"]
[EventType "tourn (corr)"]
[EventRounds "6"]
[EventCountry "GER"]
[SourceTitle "Corr 2020"]
[Source "ChessBase"]
[SourceDate "2019.09.30"]
[SourceVersion "1"]
[SourceVersionDate "2019.09.30"]
[SourceQuality "1"]

1. Nf3 d5 2. d4 Bf5 3. c4 e6 4. Nc3 Bb4 5. e3 Nc6 6. Be2 dxc4 7. Bxc4 Nf6 8. 0-0 0-0 9. Be2 h6 10. Bd2 a6 11. Rc1 Bd6 12. h3 Re8 13. a3 e5 14. Nh4 Bh7 15. Nf3 Bg6 16. Re1 Qd7 17. b4 e4 18. Nh4 Bh7 19. g4 Ne7 20. Na4 g5 21. Ng2 Ned5 22. Qc2 h5 23. Nc5 Qc8 24. Nb3 hxg4 25. hxg4 Nxg4 26. Qd1 Bh2+ 27. Kf1 Nxf2 28. Kxf2 Qh3 29. Bg4 Bg3+ 0-1

[Event "GER OS-239 email"]
[Site "GER email"]
[Date "2014.04.11"]
[Round "?"]
[White "Fischer, Alexander"]
[Black "Gottsmann, Lothar"]
[Result "1-0"]
[WhiteElo "1721"]
[BlackElo "1430"]
[PlyCount "81"]
[EventDate "2014.04.18"]
[EventType "tourn (corr)"]
[EventRounds "6"]
[EventCountry "GER"]
[SourceTitle "Corr 2015"]
[Source "ChessBase"]
[SourceDate "2015.07.17"]
[SourceVersion "1"]
[SourceVersionDate "2015.07.17"]
[SourceQuality "1"]

1. d4 Nf6 2. c4 e6 3. Nc3 Bb4 4. Qc2 h6 5. a3 Bxc3+ 6. Qxc3 d5 7. Bf4 0-0 8. e3 Bd7 9. Be2 Nc6 10. Nf3 Rc8 11. Nd2 dxc4 12. Qxc4 a6 13. Bf3 Be8 14. Bg3 Nd5 15. 0-0 Nce7 16. Rfe1 Bb5 17. Qc2 f5 18. e4 fxe4 19. Qxe4 Bd7 20. Be5 Nc6 21. Nc4 Qg5 22. Bg3 Qf5 23. Qxf5 Rxf5 24. Rad1 Rf7 25. h4 b5 26. Ne5 Nxe5 27. Bxe5 Be8 28. Rc1 c6 29. Rc5 Bd7 30. Be4 Rcf8 31. f3 Rc8 32. h5 Rff8 33. Rec1 Rfd8 34. Kf2 Be8 35. b3 Kf8 36. g4 Ne7 37. f4 Kg8 38. Rg1 Kf8 39. g5 Bxh5 40. gxh6 gxh6 41. Bg7+ 1-0

[Event "Remote Federal-ch email"]
[Site "Remote email"]
[Date "2013.09.11"]
[Round "?"]
[White "Gottsmann, Lothar"]
[Black "Klein, Werner"]
[Result "1-0"]
[WhiteElo "1961"]
[BlackElo "1694"]
[PlyCount "63"]
[EventDate "2013.??.??"]
[EventType "swiss (corr)"]
[EventRounds "12"]
[EventCountry "GER"]
[SourceTitle "Corr 2015"]
[Source "ChessBase"]
[SourceDate "2015.07.17"]
[SourceVersion "1"]
[SourceVersionDate "2015.07.17"]
[SourceQuality "1"]

1. e4 e5 2. Nf3 Nc6 3. Bb5 Nge7 4. c3 g6 5. 0-0 Bg7 6. d4 0-0 7. d5 a6 8. dxc6 axb5 9. cxd7 Bxd7 10. Re1 c5 11. Bg5 f6 12. Be3 b6 13. Nbd2 f5 14. exf5 Bxf5 15. Qb3+ Nd5 16. Bg5 Bf6 17. Bxf6 Rxf6 18. Rxe5 Be6 19. Qxb5 Bd7 20. Qb3 Be6 21. Qb5 Bd7 22. Qe2 Nf4 23. Qf1 Bf5 24. Qc4+ Be6 25. Rxe6 Nxe6 26. Ne4 Rxf3 27. gxf3 Qe8 28. Nf6+ Kg7 29. Nxe8+ Rxe8 30. Re1 Kf6 31. Qh4+ Kg7 32. Qa4 1-0

[Event "Remote Federal-ch email"]
[Site "Remote email"]
[Date "2013.09.11"]
[Round "?"]
[White "Gottsmann, Lothar"]
[Black "Warzecha, Helmut"]
[Result "0-1"]
[WhiteElo "1961"]
[BlackElo "2370"]
[PlyCount "72"]
[EventDate "2013.??.??"]
[EventType "swiss (corr)"]
[EventRounds "12"]
[EventCountry "GER"]
[SourceTitle "Corr 2015"]
[Source "ChessBase"]
[SourceDate "2015.07.17"]
[SourceVersion "1"]
[SourceVersionDate "2015.07.17"]
[SourceQuality "1"]

1. e4 c5 2. Nf3 d6 3. d4 cxd4 4. Nxd4 Nf6 5. Nc3 a6 6. Be2 e5 7. Nb3 Be7 8. 0-0 Be6 9. f3 Nbd7 10. Nd5 Nxd5 11. exd5 Bf5 12. Be3 0-0 13. Kh1 Rc8 14. c4 Bg5 15. f4 exf4 16. Bxf4 Bxf4 17. Rxf4 Qg5 18. Rf2 Nf6 19. Qd2 Qg6 20. Qf4 Rfe8 21. Nd2 Re5 22. b3 Rce8 23. Bf1 Be4 24. Nxe4 Rxe4 25. Qxd6 Ng4 26. Qg3 Nxf2+ 27. Qxf2 Qf6 28. Qxf6 gxf6 29. Kg1 Re1 30. Rxe1 Rxe1 31. Kf2 Ra1 32. Bd3 Rxa2+ 33. Kf3 Rb2 34. Ke3 Rxb3 35. Kd4 h6 36. g4 Kf8 0-1

[Event "Remote S7E Basic email"]
[Site "Remote email"]
[Date "2013.07.16"]
[Round "?"]
[White "Gottsmann, Lothar"]
[Black "Nackas, Hans Juergen"]
[Result "1-0"]
[WhiteElo "1948"]
[BlackElo "2060"]
[PlyCount "81"]
[EventDate "2013.??.??"]
[EventType "tourn (corr)"]
[EventRounds "6"]
[EventCountry "GER"]
[SourceTitle "Corr 2015"]
[Source "ChessBase"]
[SourceDate "2015.07.17"]
[SourceVersion "1"]
[SourceVersionDate "2015.07.17"]
[SourceQuality "1"]

1. d4 Nf6 2. c4 c5 3. Nf3 cxd4 4. Nxd4 e5 5. Nb3 Qc7 6. e3 Bb4+ 7. Bd2 Bxd2+ 8. N1xd2 Nc6 9. a3 d6 10. Be2 0-0 11. 0-0 Bf5 12. Re1 Rae8 13. h3 Qd7 14. g4 Bg6 15. g5 Ne4 16. Nxe4 Bxe4 17. Nc5 Qxh3 18. Nxe4 Qf5 19. Bd3 Qe6 20. Ng3 g6 21. Bf1 Rd8 22. Qe2 f6 23. gxf6 Qxf6 24. Rad1 Ne7 25. Bg2 Nf5 26. Nxf5 Qxf5 27. Bxb7 Qg5+ 28. Bg2 Kh8 29. e4 h5 30. Qe3 Qe7 31. b4 Rf7 32. f3 g5 33. Rd2 Rc8 34. Rc1 Qf6 35. Rd5 Rb7 36. Qd2 Rd7 37. c5 Rc6 38. Rd1 Qf4 39. Qxf4 gxf4 40. Rxd6 Rcxd6 41. Rxd6 1-0

[Event "Remote S7E Basic-60 email"]
[Site "Remote email"]
[Date "2012.11.22"]
[Round "?"]
[White "Gottsmann, Lothar"]
[Black "Wiedmann, Jochen"]
[Result "0-1"]
[WhiteElo "2069"]
[BlackElo "2023"]
[PlyCount "42"]
[EventDate "2012.??.??"]
[EventType "tourn (corr)"]
[EventRounds "6"]
[EventCountry "GER"]
[SourceTitle "Corr 2015"]
[Source "ChessBase"]
[SourceDate "2015.07.17"]
[SourceVersion "1"]
[SourceVersionDate "2015.07.17"]
[SourceQuality "1"]

1. d4 e6 2. c4 c5 3. Nf3 Nc6 4. e3 cxd4 5. exd4 Nf6 6. Be2 d5 7. 0-0 dxc4 8. Bxc4 Be7 9. a3 0-0 10. Nc3 Qc7 11. Be3 Rd8 12. Qc2 Nxd4 13. Bxd4 Qxc4 14. Rfd1 b6 15. Ne5 Qc7 16. Rac1 Rxd4 17. Rxd4 Qxe5 18. Rcd1 Bb7 19. Qd2 h6 20. f4 Qxd4+ 21. Qxd4 Bc5 0-1